| 000 | 01600nam a2200385Ia 4500 | ||
|---|---|---|---|
| 001 | ebr10285624 | ||
| 003 | CaPaEBR | ||
| 006 | m u | ||
| 007 | cr cn||||||||| | ||
| 008 | 081205s2009 dcuab sb i001 0 eng d | ||
| 010 | _z 2008049852 | ||
| 020 | _z9780821377703 | ||
| 020 | _z0821377701 | ||
| 020 | _z9780821378236 (electronic) | ||
| 020 | _z0821378236 (electronic) | ||
| 040 |
_aCaPaEBR _cCaPaEBR |
||
| 035 | _a(OCoLC)560620946 | ||
| 050 | 1 | 4 |
_aHD9087.A3587 _bO74 2009eb |
| 082 | 0 | 4 |
_a338.1/73510967 _222 |
| 245 | 0 | 0 |
_aOrganization and performance of cotton sectors in Africa _h[electronic resource] : _blearning from reform experience / _ceditors, David Tschirley, Colin Poulton, Patrick Labaste. |
| 260 |
_aWashington, D.C. : _bWorld Bank, _cc2009. |
||
| 300 |
_axxxiv, 233 p. : _bill., map. |
||
| 490 | 1 | _aAgriculture and rural development | |
| 504 | _aIncludes bibliographical references (p. 213-217) and index. | ||
| 533 |
_aElectronic reproduction. _bPalo Alto, Calif. : _cebrary, _d2009. _nAvailable via World Wide Web. _nAccess may be limited to ebrary affiliated libraries. |
||
| 650 | 0 |
_aCotton trade _zAfrica, Sub-Saharan. |
|
| 650 | 0 |
_aCotton growing _zAfrica, Sub-Saharan. |
|
| 655 | 7 |
_aElectronic books. _2local |
|
| 700 | 1 |
_aTschirley, David L. _q(David Lawrence) |
|
| 700 | 1 | _aPoulton, Colin. | |
| 700 | 1 |
_aLabaste, Patrick, _d1952- |
|
| 710 | 2 | _aebrary, Inc. | |
| 830 | 0 | _aAgriculture and rural development series. | |
| 856 | 4 | 0 |
_uhttp://site.ebrary.com/lib/rucke/Doc?id=10285624 _zAn electronic book accessible through the World Wide Web; click to view |
| 999 |
_c16989 _d16989 |
||